[Event "Heusenstamm Sparkassen op-B 5th"]
[Site "Heusenstamm"]
[Date "2018.11.22"]
[Round "1"]
[White "Urbach, Jens"]
[Black "Tarini, Jagadeesh"]
[Result "1-0"]
[WhiteElo "1546"]
[BlackElo "1016"]
[PlyCount "75"]
[EventDate "2018.11.22"]
[EventType "swiss"]
[EventRounds "7"]
[EventCountry "GER"]
[SourceTitle "CBM 187 Extra"]
[Source "ChessBase"]
[SourceDate "2018.11.04"]
[SourceVersion "1"]
[SourceVersionDate "2018.11.04"]
[SourceQuality "1"]

1. e4 e5 2. Nf3 Nc6 3. d4 exd4 4. Nxd4 Nxd4 5. Qxd4 Nf6 6. Bc4 b6 7. 0-0 d6 8. Re1 Be7 9. e5 dxe5 10. Qxd8+ Bxd8 11. Rxe5+ Be7 12. h3 Bd7 13. Nc3 Rd8 14. Bf4 Bc6 15. Rae1 Rd7 16. g4 a6 17. Bxa6 Nd5 18. Nxd5 Bxd5 19. g5 f6 20. gxf6 gxf6 21. Rf5 Rg8+ 22. Bg3 Kd8 23. Rd1 Bc6 24. Rxd7+ Bxd7 25. Rd5 Bd6 26. Kh2 Bxg3+ 27. fxg3 c6 28. Rd6 Ke8 29. Rxf6 Rg5 30. Bd3 Re5 31. Rf2 Re1 32. Bxh7 Ra1 33. Bg6+ Ke7 34. a3 Ra2 35. h4 Bg4 36. h5 Rxb2 37. h6 Kd6 38. h7 1-0